| 000 | 00464nam a2200169Ia 4500 | ||
|---|---|---|---|
| 999 |
_c11320 _d11320 |
||
| 003 | OSt | ||
| 005 | 20230321143119.0 | ||
| 008 | 230307s9999 xx 000 0 und d | ||
| 020 | _a0571049532 | ||
| 028 | _bFaber and Faber; 3Rev Ed edition (January 1, 1969) | ||
| 082 |
_a729.29 _bHUM |
||
| 100 | _aPeter H. Parkins and H. R. Humphreys | ||
| 245 | 0 | _aAcoustics, noise and buildings | |
| 260 |
_aLondon _bFaber and Faber _c1979 |
||
| 300 | _a297p.; | ||
| 942 | _2ddc | ||